Women and the Egyptian Muslim Brotherhood post-2013: calls for gender reforms and pluralism
| Main Author: | |
|---|---|
| Format: | Print Article |
| Language: | English |
| Check availability: | HBZ Gateway |
| Interlibrary Loan: | Interlibrary Loan for the Fachinformationsdienste (Specialized Information Services in Germany) |
| Published: |
2021
|
| In: |
Middle East Law and Governance
Year: 2021, Volume: 13, Pages: 171-195 |
| Further subjects: | B
Role
B Pluralism B Emancipation B Woman B Meaning |
MARC
| LEADER | 00000caa a2200000 c 4500 | ||
|---|---|---|---|
| 001 | 1765976561 | ||
| 003 | DE-627 | ||
| 005 | 20231219061825.0 | ||
| 007 | tu | ||
| 008 | 210809s2021 xx ||||| 00| ||eng c | ||
| 035 | |a (DE-627)1765976561 | ||
| 035 | |a (DE-599)KXP1765976561 | ||
| 040 | |a DE-627 |b ger |c DE-627 |e rda | ||
| 041 | |a eng | ||
| 084 | |a RG01.16 |2 fivr | ||
| 084 | |a SG07 |2 fivs | ||
| 084 | |a SG09 |2 fivs | ||
| 084 | |a SG02.06 |2 fivs | ||
| 084 | |a 0 |2 ssgn | ||
| 100 | 1 | |e VerfasserIn |0 (DE-588)1165104628 |0 (DE-627)102928945X |0 (DE-576)510256147 |4 aut |a Biagini, Erika | |
| 109 | |a Biagini, Erika | ||
| 245 | 1 | 0 | |a Women and the Egyptian Muslim Brotherhood post-2013 |b calls for gender reforms and pluralism |c Erika Biagini |
| 264 | 1 | |c 2021 | |
| 336 | |a Text |b txt |2 rdacontent | ||
| 337 | |a ohne Hilfsmittel zu benutzen |b n |2 rdamedia | ||
| 338 | |a Band |b nc |2 rdacarrier | ||
| 650 | 0 | 7 | |0 (DE-588)4018202-2 |0 (DE-627)104270705 |0 (DE-576)208923209 |a Frau |2 gnd |
| 650 | 0 | 7 | |0 (DE-588)4005184-5 |0 (DE-627)104325550 |0 (DE-576)20885973X |a Bedeutung |2 gnd |
| 650 | 0 | 7 | |0 (DE-588)4130478-0 |0 (DE-627)105702277 |0 (DE-576)20961935X |a Rolle |2 gnd |
| 650 | 0 | 7 | |0 (DE-588)4046401-5 |0 (DE-627)104313021 |0 (DE-576)209069473 |a Pluralismus |2 gnd |
| 650 | 0 | 7 | |0 (DE-588)4130667-3 |0 (DE-627)105700835 |0 (DE-576)209620897 |a Emanzipation |2 gnd |
| 773 | 0 | 8 | |i Enthalten in |t Middle East Law and Governance |d Leiden [u.a.] : Brill, 2009 |g 13(2021), Special issue, Seite 171-195 |w (DE-627)59846042X |w (DE-600)2492325-4 |w (DE-576)432939849 |x 1876-3367 |7 nnas |
| 773 | 1 | 8 | |g volume:13 |g year:2021 |g supplement:Special issue |g pages:171-195 |
| 935 | |a mteo | ||
| 936 | f | i | |0 (DE-627)175613362X |a RG01.16 |b Ägypten |k Naher und Mittlerer Osten und Nordafrika |k Nordafrika |k Ägypten |2 fivr |
| 936 | f | i | |0 (DE-627)1756136076 |a SG07 |b Gesellschaftliche Bewegungen/Vereinigungen |k Gesellschaft |k Gesellschaftliche Bewegungen/Vereinigungen |2 fivs |
| 936 | f | i | |0 (DE-627)1756136092 |a SG09 |b Religion/Religionsgemeinschaften |k Gesellschaft |k Religion/Religionsgemeinschaften |2 fivs |
| 936 | f | i | |0 (DE-627)1756135975 |a SG02.06 |b Geschlechterbeziehungen/Lebensgemeinschaften |k Gesellschaft |k Gesellschaftsentwicklung/Gesellschaftsstruktur |k Geschlechterbeziehungen/Lebensgemeinschaften |2 fivs |
| 938 | 1 | 0 | |0 (DE-627)175616522X |0 (DE-615)6601952 |a Ägypten |2 fivt |
| 938 | 1 | 0 | |0 (DE-627)175622496X |0 (DE-615)6601408 |a Gesellschaftliche/Politische Bewegung |2 fivt |
| 938 | 1 | 0 | |0 (DE-627)1756223343 |0 (DE-615)6605216 |a Religiöse Bewegung |2 fivt |
| 938 | 1 | 0 | |0 (DE-627)1756197016 |0 (DE-615)6601347 |a Muslimbrüder |2 fivt |
| 938 | 1 | 0 | |0 (DE-627)1756141266 |0 (DE-615)6603827 |a Frauen |2 fivt |
| 938 | 1 | 0 | |0 (DE-627)1756231834 |0 (DE-615)6601088 |a Bedeutung/Rolle |2 fivt |
| 938 | 1 | 0 | |0 (DE-627)1756157561 |0 (DE-615)6604989 |a Kollektive Identität |2 fivt |
| 938 | 1 | 0 | |0 (DE-627)1756166447 |0 (DE-615)6602626 |a Entwicklung nationaler Akteure |2 fivt |
| 938 | 1 | 0 | |0 (DE-627)1756192200 |0 (DE-615)6608245 |a Unterdrückung/Repressalien |2 fivt |
| 938 | 1 | 0 | |0 (DE-627)1756175861 |0 (DE-615)6608016 |a Pluralismus |2 fivt |
| 938 | 1 | 0 | |0 (DE-627)1756202745 |0 (DE-615)6603499 |a Geschlechterrolle/Geschlechterverhältnis |2 fivt |
| 938 | 1 | 0 | |0 (DE-627)1756223831 |0 (DE-615)6606790 |a Emanzipation |2 fivt |
| 938 | 1 | 1 | |0 (DE-627)1756193053 |0 (DE-615)6609500 |a Staatsstreich/Militärputsch |2 fiva |
| 951 | |a AR | ||
| ELC | |b 1 | ||
| LOK | |0 000 xxxxxcx a22 zn 4500 | ||
| LOK | |0 001 4426552400 | ||
| LOK | |0 003 DE-627 | ||
| LOK | |0 004 1765976561 | ||
| LOK | |0 005 20231219173236 | ||
| LOK | |0 008 231205||||||||||||||||ger||||||| | ||
| LOK | |0 040 |a DE-Tue135 |c DE-627 |d DE-Tue135 | ||
| LOK | |0 092 |o n | ||
| LOK | |0 852 |a DE-Tue135 | ||
| LOK | |0 852 1 |9 00 | ||
| LOK | |0 935 |a fivi | ||
| LOK | |0 939 |a 05-12-23 |b l01 | ||
| ORI | |a SA-MARC-ixtheoa001.raw | ||
| REL | |a 1 | ||
| STA | 0 | 0 | |a Emancipation,Emancipation,Meaning,Significance,Pluralism,Plurality,Pluralism,Role,Woman,Adult woman,Women,Women,Women in art |
| STB | 0 | 0 | |a Femme,Femme,Femmes,Femmes,Pluralisme,Pluralisme (philosophie),Multipartisme,Rôle,Signification,Émancipation,Émancipation |
| STC | 0 | 0 | |a Emancipación,Emancipación,Mujer,Mujer,Mujeres,Pluralismo,Rol,Papel,Papel,Significado |
| STD | 0 | 0 | |a Donna,Donna,Emancipazione,Emancipazione,Pluralismo,Ruolo,Significato |
| STE | 0 | 0 | |a 多元论,女人,女人,女残疾人土,妇女,女子,妇女,女子,意义,含意,角色,作用,解放 |
| STF | 0 | 0 | |a 多元論,女人,女人,女殘疾人土,婦女,女子,婦女,女子,意義,含意,角色,作用,解放 |
| STG | 0 | 0 | |a Emancipação,Emancipação,Mulher,Mulher,Papel,Pluralismo,Significado |
| STH | 0 | 0 | |a Женщина (мотив),Женщина,Значение,Плюрализм,Роль,Эмансипация (мотив),Эмансипация |
| STI | 0 | 0 | |a Γυναίκα (μοτίβο),Γυναίκα,Πλουραλισμός,Ρόλος,Σημασία,Έννοια,Χειραφέτηση (μοτίβο),Χειραφέτηση |
| SUB | |a REL | ||
| SYE | 0 | 0 | |a Frauen,Frauendarstellung,Frauengestalt,Frauenbild,Erwachsene Frau,Weib,Weibliche Erwachsene,Frauen , Sinn , Pluralität , Soziale Emanzipation |



